[Event "SV Kamen 1 - SV Erkenschwick 1"]
[Site "NRW-Klasse, Gruppe 2 2016/201"]
[Date "2016.10.23"]
[Round "2.5"]
[White "Homs, Guust"]
[Black "Kleinegger, Frank"]
[Result "1/2-1/2"]
[WhiteElo "2138"]
[BlackElo "2116"]
[PlyCount "49"]
[EventDate "2016.??.??"]
[WhiteTeam "SV Erkenschwick 1"]
[BlackTeam "SV Kamen 1"]

1. e4 c5 2. c3 e6 3. d4 d5 4. exd5 Qxd5 5. Nf3 Nf6 6. Bd3 Be7 7. O-O O-O 8. c4
Qh5 9. dxc5 Nc6 10. Nc3 Bxc5 11. Ne2 Be7 12. Ng3 Qa5 13. a3 Qc7 14. Qc2 b6 15.
b3 Bb7 16. Bb2 h6 17. Rfe1 Rad8 18. Rad1 Rfe8 19. Qc3 Bf8 20. Bb1 Rxd1 21. Rxd1
e5 22. Qc2 g6 23. Re1 Bg7 24. b4 Nd4 25. Nxd4 1/2-1/2

[Event "SV Kamen 1 - SV Erkenschwick 1"]
[Site "NRW-Klasse, Gruppe 2 2016/201"]
[Date "2016.10.23"]
[Round "2.6"]
[White "Kilian, Ralf"]
[Black "Krings, Christoph"]
[Result "1/2-1/2"]
[WhiteElo "2110"]
[BlackElo "2144"]
[PlyCount "109"]
[EventDate "2016.??.??"]
[WhiteTeam "SV Kamen 1"]
[BlackTeam "SV Erkenschwick 1"]

1. d4 e6 2. e4 d5 3. e5 c5 4. c3 Bd7 5. Nf3 Qb6 6. Be2 Nh6 7. O-O Nc6 8. dxc5
Bxc5 9. b4 Be7 10. Bd3 f6 11. b5 Na5 12. exf6 Bxf6 13. Be3 Qc7 14. Bd4 O-O 15.
Re1 Nc4 16. Bxc4 Qxc4 17. a4 Nf7 18. Nbd2 Qc7 19. Bxf6 gxf6 20. c4 Qd6 21. Qb3
dxc4 22. Nxc4 Qe7 23. Rad1 Rad8 24. Na5 Bc8 25. Nc4 Kh8 26. Qc3 e5 27. b6 axb6
28. Nxb6 Be6 29. Rc1 Rg8 30. Kh1 Rg7 31. Qc5 Qe8 32. a5 Qg8 33. g3 Bg4 34. Qe3
Nd6 35. Nh4 Nc8 36. Nxc8 Rxc8 37. Qb6 Qd5+ 38. Kg1 Rf8 39. Qc5 Rd8 40. Qc3 Rgd7
41. Re3 Rd6 42. Qb4 Bd7 43. Rc5 Qe6 44. Rc1 Bc6 45. Rce1 Rd4 46. Qb3 Qxb3 47.
Rxb3 Ra4 48. Nf5 Rxa5 49. Ne7 Bb5 50. Reb1 Ba6 51. Rb6 Rd7 52. Nf5 Bd3 53. Rxf6
Kg8 54. Rc1 Ra8 55. Ne3 1/2-1/2

[Event "SV Kamen 1 - SV Erkenschwick 1"]
[Site "NRW-Klasse, Gruppe 2 2016/201"]
[Date "2016.10.23"]
[Round "2.7"]
[White "Eggenstein, Frank"]
[Black "Seepe, Udo"]
[Result "1/2-1/2"]
[WhiteElo "2010"]
[BlackElo "2062"]
[Annotator "Hausrath,Daniel"]
[PlyCount "127"]
[EventDate "2016.??.??"]
[WhiteTeam "SV Erkenschwick 1"]
[BlackTeam "SV Kamen 1"]

1. e4 c5 2. Nf3 e6 3. c3 Nf6 4. d3 d5 5. e5 Nfd7 6. d4 Nc6 7. a3 f6 8. exf6
Nxf6 9. Bd3 Bd6 10. O-O O-O 11. Re1 Qc7 12. h3 Bd7 13. Nbd2 Rae8 14. Bc2 Kh8
15. Bb3 b6 16. Bc2 Re7 17. b3 Be8 18. Bb2 Bf7 19. Qb1 Bg8 20. Qa2 cxd4 21. cxd4
Nb4 22. axb4 Qxc2 23. Rac1 Qf5 24. b5 Ne4 25. Rf1 Nxd2 26. Nxd2 Qd3 27. Rcd1
Qxb5 28. Nf3 Bf7 29. Rde1 Bh5 30. Re3 Bxf3 31. gxf3 Qe8 32. Ba3 Qg6+ 33. Kh1
Bxa3 34. Qxa3 Ref7 35. Rg1 Qh5 36. Rg3 Rxf3 37. Rexf3 Rxf3 38. Qxa7 Qf7 39.
Qxb6 Rxf2 40. Qd8+ Qf8 41. Qxf8+ Rxf8 42. Kg2 Kg8 43. Re3 Rf6 44. b4 Kf8 45. b5
Ke8 46. b6 Kd8 47. Rc3 Rf7 48. Rc6 Rb7 49. Rxe6 Kd7 50. Re5 Kd6 51. Rh5 g6 52.
Rh4 Rf7 53. Kg3 Kc6 54. Rf4 Rxf4 55. Kxf4 $11 Kxb6 56. Kg5 Kb5 57. Kh6 Kc4 58.
Kxh7 Kxd4 59. Kxg6 Ke4 60. h4 d4 61. h5 d3 62. h6 d2 63. h7 d1=Q 64. h8=Q
1/2-1/2

[Event "Siegener SV 1 - SG Bochum 2"]
[Site "NRW-Klasse, Gruppe 2 2016/201"]
[Date "2016.10.23"]
[Round "2.1"]
[White "Tkachuk, Konstantyn"]
[Black "Schischke, Reinhard"]
[Result "1/2-1/2"]
[WhiteElo "2247"]
[BlackElo "2182"]
[PlyCount "46"]
[EventDate "2016.??.??"]
[WhiteTeam "SG Bochum 2"]
[BlackTeam "Siegener SV 1"]

1. e4 c6 2. d4 d5 3. Nc3 dxe4 4. Nxe4 Nf6 5. Ng3 e6 6. Nf3 Qc7 7. Bd3 Nbd7 8.
O-O b6 9. c4 Bb7 10. b3 Bd6 11. Bb2 O-O-O 12. Qe2 c5 13. Rfd1 h5 14. Ne4 Be7
15. Neg5 Ng4 16. Nxf7 Rdf8 17. N7e5 cxd4 18. Bxd4 Bf6 19. Nxd7 Bxd4 20. Be4
Bxf2+ 21. Kh1 Be3 22. Bxb7+ Kxb7 23. Nxf8 Nf2+ 1/2-1/2

[Event "Siegener SV 1 - SG Bochum 2"]
[Site "NRW-Klasse, Gruppe 2 2016/201"]
[Date "2016.10.23"]
[Round "2.2"]
[White "Richter, Gerald"]
[Black "Baltic, Fatih"]
[Result "0-1"]
[WhiteElo "2065"]
[BlackElo "2141"]
[PlyCount "58"]
[EventDate "2016.??.??"]
[WhiteTeam "Siegener SV 1"]
[BlackTeam "SG Bochum 2"]

1. d4 Nf6 2. c4 e6 3. Nf3 Bb4+ 4. Nbd2 O-O 5. a3 Be7 6. e4 d5 7. e5 Nfd7 8. b4
a5 9. b5 c5 10. Bd3 cxd4 11. cxd5 Nc5 12. Bxh7+ Kxh7 13. d6 Bxd6 14. exd6 Qxd6
15. Nc4 Qd5 16. Nb6 Qf5 17. Nxa8 e5 18. O-O f6 19. Nb6 Be6 20. Bd2 Nb3 21. Rb1
Qd3 22. a4 e4 23. Rxb3 Bxb3 24. Qb1 Bc2 25. Qb2 exf3 26. Bxa5 fxg2 27. Rc1 Bd1
28. Kxg2 Bf3+ 29. Kg3 Be4+ 0-1

[Event "Siegener SV 1 - SG Bochum 2"]
[Site "NRW-Klasse, Gruppe 2 2016/201"]
[Date "2016.10.23"]
[Round "2.3"]
[White "Rempe, Moritz"]
[Black "Becker, Frank"]
[Result "1-0"]
[WhiteElo "2031"]
[BlackElo "2031"]
[PlyCount "67"]
[EventDate "2016.??.??"]
[WhiteTeam "SG Bochum 2"]
[BlackTeam "Siegener SV 1"]

1. e4 Nc6 2. Nc3 Nf6 3. Nf3 d5 4. exd5 Nxd5 5. Bc4 e6 6. O-O Be7 7. d4 O-O 8.
Re1 Re8 9. Ne4 h6 10. c3 Bf8 11. Bb3 Nce7 12. Ne5 Nf5 13. Qh5 Qe7 14. Ba4 Rd8
15. Bc2 Bd7 16. g4 Nd6 17. g5 Be8 18. gxh6 Nxe4 19. Rxe4 Nf6 20. Qh4 Nxe4 21.
Qxe4 f5 22. Qxb7 gxh6 23. Qg2+ Kh7 24. Bf4 Qg7 25. Bb3 Rab8 26. Bxe6 Qxg2+ 27.
Kxg2 Rxb2 28. Bxf5+ Kg7 29. Nc4 Bc6+ 30. Kg3 Re2 31. Bxc7 Rde8 32. Be5+ Kf7 33.
Bd3 Re4 34. f3 1-0

[Event "Siegener SV 1 - SG Bochum 2"]
[Site "NRW-Klasse, Gruppe 2 2016/201"]
[Date "2016.10.23"]
[Round "2.4"]
[White "Guehne, Otfried"]
[Black "Stricker, Florian"]
[Result "0-1"]
[WhiteElo "1992"]
[BlackElo "1994"]
[PlyCount "106"]
[EventDate "2016.??.??"]
[WhiteTeam "Siegener SV 1"]
[BlackTeam "SG Bochum 2"]

1. e4 e6 2. d4 d5 3. Nc3 Nf6 4. exd5 exd5 5. Bd3 Bb4 6. Nge2 O-O 7. O-O c6 8.
Bg5 b6 9. Ng3 Qd6 10. Nce2 h6 11. Bf4 Qe7 12. Nf5 Bxf5 13. Bxf5 Bd6 14. Re1
Bxf4 15. Nxf4 Qd6 16. Nh5 g6 17. Nxf6+ Qxf6 18. Bh3 Na6 19. Qe2 Nc7 20. Qe7
Qxe7 21. Rxe7 Nb5 22. c3 Rfe8 23. Rae1 Kf8 24. Rxe8+ Rxe8 25. Kf1 Rxe1+ 26.
Kxe1 Ke7 27. Bc8 Nd6 28. Ba6 b5 29. b3 Kd7 30. a4 Kc7 31. a5 Ne4 32. c4 b4 33.
f3 Nd6 34. cxd5 cxd5 35. Kd2 Nb7 36. Bb5 Nxa5 37. Be8 Nxb3+ 38. Kd3 Kd6 39.
Bxf7 g5 40. g3 a5 41. Be8 Nc1+ 42. Kd2 Na2 43. f4 gxf4 44. gxf4 Nc3 45. f5 Ke7
46. Bc6 Kf6 47. Bd7 a4 48. Kc2 a3 49. Be6 a2 50. Kb2 b3 51. h3 Nd1+ 52. Ka1 Ne3
53. Kb2 Nc2 0-1

[Event "Siegener SV 1 - SG Bochum 2"]
[Site "NRW-Klasse, Gruppe 2 2016/201"]
[Date "2016.10.23"]
[Round "2.5"]
[White "Tkachuk, Sergij"]
[Black "Schmidt, Matthias"]
[Result "1-0"]
[WhiteElo "2102"]
[BlackElo "1881"]
[PlyCount "93"]
[EventDate "2016.??.??"]
[WhiteTeam "SG Bochum 2"]
[BlackTeam "Siegener SV 1"]

1. e4 d6 2. d4 Nf6 3. Bd3 g6 4. f4 Bg7 5. Nf3 c6 6. O-O O-O 7. c3 Na6 8. Qe2 c5
9. e5 Ng4 10. h3 Nh6 11. g4 cxd4 12. cxd4 Nb4 13. Be4 d5 14. Bd3 a5 15. Bb5 f6
16. Nc3 Kh8 17. Be3 Nc6 18. Qd2 Nf7 19. Rae1 Rb8 20. Rf2 e6 21. Rh2 g5 22. exf6
Bxf6 23. fxg5 Bg7 24. Rf2 e5 25. Ref1 Be6 26. dxe5 Qd7 27. Bd4 Qe7 28. Bxc6
bxc6 29. Qe3 Rfc8 30. Na4 c5 31. Nxc5 Rb4 32. Nxe6 Qxe6 33. a3 Rbc4 34. b3 R4c6
35. Re2 a4 36. Bb2 Qg6 37. Nd4 Nxg5 38. Nxc6 Rxc6 39. bxa4 Re6 40. Rf5 Ne4 41.
Qd3 h6 42. Kg2 Kh7 43. Qxd5 Ng5 44. a5 Re8 45. e6 Nxe6 46. Bxg7 Kxg7 47. Kg3
1-0

[Event "Siegener SV 1 - SG Bochum 2"]
[Site "NRW-Klasse, Gruppe 2 2016/201"]
[Date "2016.10.23"]
[Round "2.6"]
[White "Lindner, Torsten"]
[Black "Mazarov, Juergen"]
[Result "1-0"]
[WhiteElo "1903"]
[BlackElo "2065"]
[Annotator "Hausrath,Daniel"]
[PlyCount "69"]
[EventDate "2016.??.??"]
[WhiteTeam "Siegener SV 1"]
[BlackTeam "SG Bochum 2"]

1. e4 c5 2. Nf3 d6 3. d4 cxd4 4. Nxd4 Nf6 5. Nc3 a6 6. Bg5 e6 7. Qd2 Be7 8.
O-O-O b5 9. a3 O-O 10. f4 Qc7 11. Kb1 Nbd7 12. Be2 Rb8 13. Bf3 b4 14. axb4 Rxb4
15. e5 dxe5 16. Nc6 Nb6 17. Nxb4 Bxb4 18. fxe5 Qxe5 19. Bf4 Qa5 20. Bc7 Bxc3
21. Qxc3 Qxc3 $11 22. bxc3 Nfd5 23. Bxd5 Nxd5 24. Ba5 Ne3 25. Rd3 Nxg2 26. Rhd1
f5 27. Rd8 Bb7 28. Bb4 Rxd8 29. Rxd8+ Kf7 30. Rd7+ Kf6 31. Rxb7 f4 32. Kc1 e5
33. c4 f3 34. Kd2 e4 35. Bc5 1-0

[Event "Siegener SV 1 - SG Bochum 2"]
[Site "NRW-Klasse, Gruppe 2 2016/201"]
[Date "2016.10.23"]
[Round "2.7"]
[White "Kitte, Sebastian"]
[Black "Doehner, Hans-Juergen"]
[Result "1-0"]
[WhiteElo "2170"]
[BlackElo "1875"]
[PlyCount "41"]
[EventDate "2016.??.??"]
[WhiteTeam "SG Bochum 2"]
[BlackTeam "Siegener SV 1"]

1. d4 Nf6 2. c4 g6 3. Nc3 Bg7 4. e4 d6 5. Nf3 O-O 6. h3 c5 7. d5 Nbd7 8. Be3 b6
9. Qd2 Re8 10. Bd3 a6 11. a4 a5 12. O-O-O Bb7 13. g4 Rc8 14. Rdg1 Nf8 15. Bh6
Qd7 16. Bxg7 Kxg7 17. h4 h5 18. gxh5 Nxh5 19. Qg5 Kh7 20. e5 e6 21. Qxh5+ 1-0

[Event "Siegener SV 1 - SG Bochum 2"]
[Site "NRW-Klasse, Gruppe 2 2016/201"]
[Date "2016.10.23"]
[Round "2.8"]
[White "Besser, Jochen"]
[Black "Butschek, Marc"]
[Result "1/2-1/2"]
[WhiteElo "1848"]
[BlackElo "1961"]
[PlyCount "75"]
[EventDate "2016.??.??"]
[WhiteTeam "Siegener SV 1"]
[BlackTeam "SG Bochum 2"]

1. d4 f5 2. c4 Nf6 3. Nc3 e6 4. g3 Bb4 5. Bg2 O-O 6. Nf3 c6 7. O-O d5 8. Qb3
Qe7 9. Bg5 Nbd7 10. Ne5 Bd6 11. f4 Qe8 12. Bxf6 Nxf6 13. cxd5 exd5 14. e4 fxe4
15. Nxe4 Bc7 16. Nc5 Kh8 17. Rfe1 Bb6 18. Rac1 Qh5 19. Bf3 Bg4 20. Qd1 Bxf3 21.
Qxf3 Qf5 22. g4 Nxg4 23. Qxg4 Qxg4+ 24. Nxg4 Rxf4 25. Ne5 Rxd4 26. Ned7 Rd2 27.
Nxb6 axb6 28. Nxb7 c5 29. Rcd1 Rxb2 30. Rxd5 h6 31. Rd8+ Rxd8 32. Nxd8 c4 33.
Rc1 b5 34. Nf7+ Kg8 35. Nd6 Kf8 36. a3 Ke7 37. Nxb5 Rxb5 38. Rxc4 1/2-1/2

[Event "SC Rochade Emsdetten 1 - SG Niederkasse"]
[Site "NRW-Klasse, Gruppe 2 2016/201"]
[Date "2016.10.23"]
[Round "2.1"]
[White "Wigger, Jochen"]
[Black "Kabatianski, Alexander"]
[Result "0-1"]
[WhiteElo "2223"]
[BlackElo "2332"]
[PlyCount "92"]
[EventDate "2016.??.??"]
[WhiteTeam "SG Niederkassel 1"]
[BlackTeam "SC Rochade Emsdetten 1"]

1. d4 Nf6 2. Bg5 e6 3. e4 h6 4. Bxf6 Qxf6 5. c3 d6 6. Bd3 Qg5 7. Nf3 Qxg2 8.
Rg1 Qh3 9. Nbd2 Nd7 10. Qb3 g5 11. Rg3 Qh5 12. h3 Qg6 13. O-O-O Qf6 14. Kb1 Qe7
15. e5 d5 16. c4 c6 17. cxd5 exd5 18. Bf5 Nc5 19. Qc2 Bxf5 20. Qxf5 Qe6 21. Qc2
Nd7 22. Qa4 Be7 23. Ka1 Qf5 24. Nf1 Nb6 25. Qb3 O-O-O 26. Ne3 Qh7 27. Nd2 f5
28. Nc2 h5 29. Rc1 g4 30. Rc3 Bg5 31. Ne3 f4 32. Nef1 Rhg8 33. a4 Na8 34. Qd1
Bh4 35. hxg4 hxg4 36. Nb3 Bxf2 37. Nfd2 Nc7 38. a5 a6 39. Qe2 Be3 40. Rxe3 fxe3
41. Qxe3 Ne6 42. Nc5 Nxc5 43. Rxc5 Qh1+ 44. Ka2 g3 45. Qd3 Qh6 46. Rc1 Rdf8 0-1

[Event "SC Rochade Emsdetten 1 - SG Niederkasse"]
[Site "NRW-Klasse, Gruppe 2 2016/201"]
[Date "2016.10.23"]
[Round "2.2"]
[White "Hiller, Simon"]
[Black "Rybarczyk, Klaus"]
[Result "1-0"]
[WhiteElo "2148"]
[BlackElo "2219"]
[Annotator "Hausrath,Daniel"]
[PlyCount "159"]
[EventDate "2016.??.??"]
[WhiteTeam "SC Rochade Emsdetten 1"]
[BlackTeam "SG Niederkassel 1"]

1. e4 c5 2. Nf3 d6 3. Bb5+ Nd7 4. O-O Ngf6 5. Re1 a6 6. Bd3 g6 7. c3 Bg7 8. Bc2
O-O 9. d4 Qc7 10. Be3 b5 11. Nbd2 Bb7 12. h3 Rac8 13. Rc1 Rfe8 14. Bf4 Nh5 15.
Be3 e5 16. d5 c4 17. b3 cxb3 18. Bxb3 Nc5 19. Bc2 Nf4 20. Nf1 Qa5 21. g3 Nh5
22. Bd2 Qc7 23. Bb1 Qd7 24. Kh2 a5 25. a3 a4 26. Bc2 f5 27. exf5 e4 28. Nh4 Qf7
29. Ne3 g5 30. Nhg2 Nf6 31. c4 Nfd7 32. Ng4 Qxf5 33. Bc3 Qg6 34. Bxg7 Qxg7 35.
cxb5 h5 36. N4e3 Ne5 37. Qxh5 Nf3+ 38. Kh1 Re5 39. Ng4 Rxd5 40. Bxe4 Nxe4 41.
Rxc8+ Bxc8 42. Qe8+ Qf8 43. Qxe4 Rf5 $11 44. Rd1 Kg7 45. Ne1 Ne5 46. Nxe5 Rxe5
47. Qd4 Kh7 48. f4 gxf4 49. gxf4 Bb7+ 50. Ng2 Qg7 51. Qd3+ Be4 52. Qe2 Re6 53.
Kh2 Qh6 54. Rxd6 Rxd6 55. Qxe4+ Kg7 56. Qxa4 Qg6 57. Qa7+ Kh6 58. Qe3 Rd3 59.
Qf2 Qd6 60. a4 Qa3 61. Qh4+ Kg7 62. Qg4+ Kf6 63. b6 Rb3 64. Qg5+ Kf7 65. Qf5+
Ke7 66. a5 Kd8 67. Qd5+ Ke7 68. Qb7+ Kf6 69. Qc6+ Kg7 70. Qc7+ Kf6 71. Qe5+ Kf7
72. Qf5+ Kg7 73. Qd7+ Kf6 74. b7 Qb4 75. a6 Qb6 76. Qh7 Qa7 77. Qh8+ Kf7 78.
Qh5+ Kg7 79. Qe5+ Kh7 80. Qe7+ 1-0

[Event "SC Rochade Emsdetten 1 - SG Niederkasse"]
[Site "NRW-Klasse, Gruppe 2 2016/201"]
[Date "2016.10.23"]
[Round "2.3"]
[White "Stanetzek, Carsten"]
[Black "De Groote, Ewoud"]
[Result "1-0"]
[WhiteElo "2132"]
[BlackElo "2275"]
[PlyCount "125"]
[EventDate "2016.??.??"]
[WhiteTeam "SG Niederkassel 1"]
[BlackTeam "SC Rochade Emsdetten 1"]

1. e4 e5 2. Nf3 Nc6 3. Bc4 Nf6 4. d3 Bc5 5. O-O d6 6. c3 a6 7. Bb3 O-O 8. Nbd2
Ba7 9. Re1 Be6 10. Nf1 h6 11. Ng3 Qd7 12. h3 Rfe8 13. Bxe6 fxe6 14. Be3 d5 15.
Bxa7 Rxa7 16. Qb3 a5 17. Rad1 a4 18. Qc2 d4 19. Ne2 Kh8 20. cxd4 exd4 21. e5
Nh7 22. Qc4 Rd8 23. Nf4 Nf8 24. Re4 Ra5 25. Rc1 a3 26. b3 Qf7 27. h4 Qf5 28.
Nxd4 Nxd4 29. Rxd4 Rxd4 30. Qxd4 Rxe5 31. g3 c6 32. Qd6 Ra5 33. Qxf8+ Qxf8 34.
Ng6+ Kg8 35. Nxf8 Kxf8 36. Kf1 Ke7 37. Ke2 Kd6 38. Kd2 Rf5 39. Ke3 Re5+ 40. Kd2
Rf5 41. Ke3 b5 42. f4 e5 43. Ke4 g6 44. Rg1 c5 45. Rg2 exf4 46. gxf4 Rf6 47. d4
cxd4 48. b4 Ke7 49. Rg3 Rc6 50. Rxa3 Kf6 51. Ra5 Rd6 52. Kd3 Kf5 53. Rxb5+ Kxf4
54. a4 g5 55. hxg5 hxg5 56. a5 g4 57. Rb6 Rd8 58. a6 g3 59. Rg6 Rb8 60. a7 Ra8
61. Rg7 g2 62. Rxg2 Rxa7 63. Kxd4 1-0

[Event "SC Rochade Emsdetten 1 - SG Niederkasse"]
[Site "NRW-Klasse, Gruppe 2 2016/201"]
[Date "2016.10.23"]
[Round "2.4"]
[White "Lehmann, Holger"]
[Black "Riedel, Holger"]
[Result "1/2-1/2"]
[WhiteElo "2097"]
[BlackElo "2095"]
[PlyCount "165"]
[EventDate "2016.??.??"]
[WhiteTeam "SC Rochade Emsdetten 1"]
[BlackTeam "SG Niederkassel 1"]

1. c4 b6 2. Nc3 e6 3. a3 c5 4. Nf3 Bb7 5. g3 Nc6 6. Bg2 Nf6 7. O-O Be7 8. d4
Nxd4 9. Nxd4 Bxg2 10. Kxg2 cxd4 11. Qxd4 O-O 12. Rd1 Rc8 13. Bf4 d6 14. Bxd6
Bxd6 15. Qxd6 Qxd6 16. Rxd6 Rxc4 17. Rad1 g5 18. h3 Kg7 19. f3 h5 20. g4 Rfc8
21. R1d2 R8c5 22. Kf2 hxg4 23. hxg4 Rc8 24. R2d4 R4c5 25. Rd8 R8c7 26. R4d6 Rb7
27. Rd2 a6 28. e4 b5 29. Nd1 a5 30. Ne3 Rcc7 31. Ra8 a4 32. Nc2 Nd7 33. Ne3 Rc1
34. Rd8 Ne5 35. Rd1 Rxd1 36. Rxd1 b4 37. Rd4 bxa3 38. bxa3 Rb2+ 39. Kf1 Rb3 40.
Ke2 Rxa3 41. Nc4 Nxf3 42. Rd7 Rc3 43. Nd6 Ne5 44. Ra7 Rc2+ 45. Ke3 Rc6 46. Ne8+
Kf8 47. Nf6 Kg7 48. Ne8+ Kg6 49. Rxa4 Nxg4+ 50. Kd4 Rc1 51. Kd3 Nf6 52. Nxf6
Kxf6 53. Ke3 Rc3+ 54. Kd4 Rb3 55. e5+ Kf5 56. Ra7 Kg6 57. Ke4 Rb4+ 58. Ke3 g4
59. Rc7 Kf5 60. Rxf7+ Kxe5 61. Ra7 Rb3+ 62. Kf2 Kf4 63. Rf7+ Ke4 64. Rg7 Rf3+
65. Kg2 Rf4 66. Kg3 e5 67. Ra7 Rf3+ 68. Kxg4 Rd3 69. Re7 Rd5 70. Ra7 Rd4 71.
Ra3 Rd3 72. Ra1 Rc3 73. Ra4+ Kd5 74. Ra5+ Rc5 75. Ra6 Kd4 76. Kf5 Kd3 77. Ra3+
Kd4 78. Ra4+ Kd5 79. Ra6 e4 80. Kf4 Rc4 81. Ra8 Kd4 82. Rd8+ Kc3 83. Ke3
1/2-1/2

[Event "SC Rochade Emsdetten 1 - SG Niederkasse"]
[Site "NRW-Klasse, Gruppe 2 2016/201"]
[Date "2016.10.23"]
[Round "2.5"]
[White "Freundlieb, Thomas"]
[Black "Paalman, Henk-Jan"]
[Result "1/2-1/2"]
[WhiteElo "1998"]
[BlackElo "2132"]
[Annotator "Hausrath,Daniel"]
[PlyCount "42"]
[EventDate "2016.??.??"]
[WhiteTeam "SG Niederkassel 1"]
[BlackTeam "SC Rochade Emsdetten 1"]

1. d4 Nf6 2. Bf4 c5 3. e3 Qb6 4. Nc3 cxd4 5. exd4 a6 6. Rb1 d5 7. h3 Nc6 8. Nf3
Bf5 9. a3 Be4 10. Nxe4 dxe4 11. Ne5 g5 12. Be3 Nxe5 13. dxe5 Qa5+ 14. c3 Qxe5
15. Qb3 Bg7 16. Be2 $11 O-O 17. O-O b5 18. Rfd1 Rfd8 19. a4 Rxd1+ 20. Rxd1 Rb8
21. Ba7 Rb7 1/2-1/2

[Event "SC Rochade Emsdetten 1 - SG Niederkasse"]
[Site "NRW-Klasse, Gruppe 2 2016/201"]
[Date "2016.10.23"]
[Round "2.6"]
[White "Mueller, Achim"]
[Black "Groß, Werner"]
[Result "1/2-1/2"]
[WhiteElo "2034"]
[BlackElo "2078"]
[PlyCount "116"]
[EventDate "2016.??.??"]
[WhiteTeam "SC Rochade Emsdetten 1"]
[BlackTeam "SG Niederkassel 1"]

1. e4 c5 2. d4 cxd4 3. c3 dxc3 4. Nxc3 Nc6 5. Nf3 e6 6. Bc4 a6 7. O-O Qc7 8.
Bb3 Nge7 9. Bg5 Ng6 10. Re1 Bc5 11. Rc1 d6 12. Nd5 exd5 13. Rxc5 d4 14. Rc1 Qb6
15. Bd5 Nge5 16. Nxd4 Bg4 17. Bxc6+ bxc6 18. Qd2 f6 19. Be3 c5 20. Nf5 Bxf5 21.
exf5 O-O 22. Qd5+ Kh8 23. b3 Rad8 24. Rcd1 Qc7 25. h3 Qd7 26. f4 Nf7 27. Bxc5
h5 28. Re6 Qb5 29. Bf2 Qxd5 30. Rxd5 Rc8 31. Ra5 Rc6 32. b4 Nd8 33. Re7 Rc1+
34. Re1 Rc6 35. a4 Nb7 36. Rd5 Rc4 37. Rd4 Rfc8 38. Re7 Rc1+ 39. Re1 R1c4 40.
Re8+ Kh7 41. Rxc8 Rxc8 42. g4 hxg4 43. hxg4 Kg8 44. Kg2 Kf7 45. Kf3 Ke7 46. Ke4
Rc2 47. Be3 Rc3 48. Bd2 Ra3 49. a5 Kd7 50. g5 Nd8 51. Rd3 Ra2 52. Bc3 Ke7 53.
Kd5 Rf2 54. Re3+ Kd7 55. gxf6 gxf6 56. Re4 Nc6 57. Re6 Ne7+ 58. Kc4 Rxf4+
1/2-1/2

[Event "SC Rochade Emsdetten 1 - SG Niederkasse"]
[Site "NRW-Klasse, Gruppe 2 2016/201"]
[Date "2016.10.23"]
[Round "2.7"]
[White "Moors, Hans"]
[Black "Lemli, Thomas"]
[Result "1-0"]
[WhiteElo "2034"]
[BlackElo "1999"]
[PlyCount "117"]
[EventDate "2016.??.??"]
[WhiteTeam "SG Niederkassel 1"]
[BlackTeam "SC Rochade Emsdetten 1"]

1. e4 c6 2. d4 d5 3. Nc3 dxe4 4. Nxe4 Nd7 5. Nf3 Ngf6 6. Nxf6+ Nxf6 7. Ne5 Be6
8. Be2 g6 9. O-O Bg7 10. c3 O-O 11. Re1 Nd7 12. Nd3 Bc4 13. Bf4 Re8 14. Qc2
Bxd3 15. Bxd3 e5 16. dxe5 Bxe5 17. Bxe5 Nxe5 18. Be2 Qf6 19. h3 Rad8 20. Bf1
Re7 21. Re3 Rde8 22. Rae1 Nd7 23. Qd2 Rxe3 24. Rxe3 Re7 25. b4 Rxe3 26. Qxe3
Nb6 27. a3 Kg7 28. g3 Nc8 29. h4 h6 30. Bh3 Nb6 31. Bf1 Nc8 32. a4 b6 33. Bg2
Ne7 34. Qd2 Qe6 35. a5 c5 36. bxc5 bxc5 37. Bf3 Qe5 38. Kg2 Qc7 39. a6 Nf5 40.
Qd5 Nd6 41. Qe5+ Kg8 42. Bd5 Qd8 43. Qe3 Qb6 44. Qxh6 Nf5 45. Qg5 Qxa6 46. Qd8+
Kg7 47. Qc7 Nd6 48. Qxc5 Qb6 49. Qa3 a5 50. c4 Qb4 51. Qe3 Nf5 52. Qe5+ Kf8 53.
h5 Qd6 54. Qh8+ Ke7 55. hxg6 Qxg6 56. Qe5+ Kf8 57. Be4 Nh4+ 58. Kh3 Qb6 59.
Qh8+ 1-0

[Event "SC Rochade Emsdetten 1 - SG Niederkasse"]
[Site "NRW-Klasse, Gruppe 2 2016/201"]
[Date "2016.10.23"]
[Round "2.8"]
[White "Schelwokat, Peter"]
[Black "Wilke, Christopher"]
[Result "1/2-1/2"]
[WhiteElo "1869"]
[BlackElo "1955"]
[PlyCount "62"]
[EventDate "2016.??.??"]
[WhiteTeam "SC Rochade Emsdetten 1"]
[BlackTeam "SG Niederkassel 1"]

1. e4 c6 2. d4 d5 3. exd5 cxd5 4. Bd3 Nf6 5. c3 Nc6 6. Bf4 e6 7. Nf3 Bd6 8.
Bxd6 Qxd6 9. O-O O-O 10. Re1 Re8 11. Ne5 Rb8 12. a4 a6 13. Re3 b5 14. g4 Rd8
15. g5 Ne4 16. Nxc6 Qxc6 17. Qh5 e5 18. axb5 axb5 19. dxe5 Bf5 20. Na3 b4 21.
cxb4 Bg6 22. b5 Qe6 23. Qh4 Qxe5 24. Re2 Qxg5+ 25. Qxg5 Nxg5 26. Bxg6 Nf3+ 27.
Kg2 Nh4+ 28. Kg3 Nxg6 29. Rd1 f6 30. f4 Kf7 31. Rc2 Rd7 1/2-1/2

[Event "SK Königsspringer Iserlohn 1 - Oberhaus"]
[Site "Oberliga NRW 2016/2017"]
[Date "2016.09.25"]
[Round "1.1"]
[White "Hort, Vlastimil"]
[Black "Scheider, Julian"]
[Result "1-0"]
[WhiteElo "2359"]
[BlackElo "2292"]
[PlyCount "71"]
[EventDate "2016.??.??"]
[WhiteTeam "Oberhausener SV 1"]
[BlackTeam "SK Königsspringer Iserlohn 1"]

1. e4 d6 2. d4 Nf6 3. Nc3 Nbd7 4. Be2 e5 5. Nf3 Be7 6. O-O O-O 7. Re1 c6 8. a4
Qc7 9. Bf1 Re8 10. g3 Rb8 11. b3 Nf8 12. h3 b6 13. Qd3 a6 14. Bd2 Ne6 15. b4 c5
16. bxc5 bxc5 17. dxe5 dxe5 18. Nd5 Nxd5 19. exd5 Nd4 20. Nxd4 cxd4 21. c3 Rd8
22. cxd4 Rxd5 23. Rxe5 Qxe5 24. dxe5 Rxd3 25. Bxd3 Rb2 26. Be3 a5 27. g4 h5 28.
Rc1 Be6 29. Rc7 Bf8 30. gxh5 Rb4 31. Bb5 Re4 32. Ra7 Rxe5 33. Rxa5 Bc4 34. h6
gxh6 35. Ra8 Bxb5 36. axb5 1-0

[Event "SK Königsspringer Iserlohn 1 - Oberhaus"]
[Site "Oberliga NRW 2016/2017"]
[Date "2016.09.25"]
[Round "1.2"]
[White "Schmitz, Philipp"]
[Black "Becker, Marcel"]
[Result "1/2-1/2"]
[WhiteElo "2141"]
[BlackElo "2335"]
[PlyCount "119"]
[EventDate "2016.??.??"]
[WhiteTeam "SK Königsspringer Iserlohn 1"]
[BlackTeam "Oberhausener SV 1"]

1. e4 c6 2. d4 d5 3. f3 Qb6 4. Nc3 dxe4 5. fxe4 e5 6. Nf3 exd4 7. Qxd4 Qxd4 8.
Nxd4 Bc5 9. Nf5 g6 10. Be3 Bxe3 11. Nxe3 Nd7 12. Nc4 b5 13. Na5 Ne5 14. a4 b4
15. Ne2 Nf6 16. Nd4 Bd7 17. Bd3 O-O 18. O-O Kg7 19. Nb7 a5 20. h3 Bc8 21. Nc5
Rd8 22. Nf3 Nxf3+ 23. Rxf3 Nd7 24. Nxd7 Rxd7 25. Raf1 Re7 26. Bc4 Raa7 27. Rf6
Rac7 28. R6f4 Be6 29. Bxe6 Rxe6 30. Rd1 Re5 31. Rd6 Rc5 32. Rf2 Re7 33. Re2
Ree5 34. Rd7 Kf8 35. Ra7 h5 36. Kf2 Rc4 37. Kf3 g5 38. h4 gxh4 39. Kf4 Rec5 40.
b3 Rxc2 41. Rxa5 Rxe2 42. Rxc5 Rxg2 43. a5 h3 44. a6 Ra2 45. Rxh5 h2 46. a7 Ke7
47. Rxh2 Rxa7 48. Ke5 Ra3 49. Rb2 Ra1 50. Rc2 f6+ 51. Kd4 Kd6 52. Rf2 c5+ 53.
Kc4 Rc1+ 54. Kb5 Ke5 55. Rf5+ Kxe4 56. Rxf6 Kd4 57. Rf4+ Kd3 58. Rf3+ Kd2 59.
Rf5 Rc3 60. Ka4 1/2-1/2

[Event "SK Königsspringer Iserlohn 1 - Oberhaus"]
[Site "Oberliga NRW 2016/2017"]
[Date "2016.09.25"]
[Round "1.3"]
[White "Litwak, Aleksej"]
[Black "Eckardt, Joshua"]
[Result "1-0"]
[WhiteElo "2280"]
[BlackElo "2193"]
[Annotator "Hausrath,Daniel"]
[PlyCount "93"]
[EventDate "2016.??.??"]
[WhiteTeam "Oberhausener SV 1"]
[BlackTeam "SK Königsspringer Iserlohn 1"]

1. e4 e6 2. d4 d5 3. Nd2 Nf6 4. e5 Nfd7 5. Bd3 c5 6. c3 Nc6 7. Ne2 cxd4 8. cxd4
f6 9. exf6 Nxf6 10. Nf3 Bd6 11. O-O O-O 12. Bf4 Bxf4 13. Nxf4 Ne4 14. Qc1 Ng5
15. Nxg5 Qxg5 16. Ne2 Qf6 17. Qe3 a6 18. Rac1 Bd7 19. a3 Rac8 20. b4 Na7 21.
Rxc8 Rxc8 22. Rc1 Rxc1+ 23. Qxc1 Nc6 $11 24. Qc5 g6 25. b5 axb5 26. Bxb5 Qf8
27. Bxc6 Qxc5 28. dxc5 Bxc6 29. f4 Kf7 30. Nd4 Bd7 31. g4 h6 32. h4 g5 33. hxg5
hxg5 34. Nf3 gxf4 35. Ne5+ Ke7 36. Nxd7 Kxd7 37. g5 e5 38. g6 Ke6 39. a4 d4 40.
a5 d3 41. g7 Kf7 42. Kf2 e4 43. a6 bxa6 44. g8=Q+ Kxg8 45. c6 e3+ 46. Ke1 f3
47. c7 1-0